Statistiques concernant Algorithmique - Typage des variables

Cliquez ici pour prendre le quiz!

Statistiques générales

  • Ce quiz a été pris 52 fois
  • Le résultat moyen est 7 sur 9

Statistiques - réponses

HintRéponse% Correct
le booléenbool
93%
le dictionnairedict
93%
le réel codé en virgule flottantefloat
91%
l'entierint
89%
la listelist
87%
le tuppletupple
87%
le caractèrechr
73%
la chaîne de caractèresstr
64%
le tableauarray
60%

Distribution des résultats

Percentile par nombre de réponses

% des personnes avec chaque résultat

Votre développement - résultats

Vous n’avez pas pris ce quiz